A user's handbook of D/A and A/D converters /
Guardado en:
| Autor Principal: | |
|---|---|
| Formato: | Libro |
| Idioma: | English |
| Publicado: |
New York :
Wiley,
c1976.
|
| Materias: | |
| Etiquetas: |
Agregar Etiqueta
Sin Etiquetas, Sea el primero en etiquetar este registro!
|
| LEADER | 01190cam a22002895a 4500 | ||
|---|---|---|---|
| 001 | EIQ.libpla003897 | ||
| 008 | 750430s1976####nyua#####bf###001#0#eng#d | ||
| 005 | 20080407191332.0 | ||
| 245 | 1 | 2 | |a A user's handbook of D/A and A/D converters / |c Eugene R. Hnatek. |
| 260 | |a New York : |b Wiley, |c c1976. | ||
| 300 | |a xiv, 472 p. : |b il. ; |c 26 cm. | ||
| 500 | |a "A Wiley-Interscience publication." | ||
| 504 | |a Incluye referencias bibliográficas e índice. | ||
| 020 | |a 0471401099 | ||
| 100 | 1 | |a Hnatek, Eugene R. | |
| 082 | 0 | 0 | |a 621.398/14 |2 19 |
| 650 | 4 | |a Electrónica |x Convertidor de digital a analógico. | |
| 650 | 4 | |a Electrónica |x Convertidor de analógico a digital. | |
| 650 | 4 | |a Convertidor de digital a analógico |x Handbook, manuales, etc. | |
| 650 | 4 | |a Convertidor de analógico a digital. |x Handbook, manuales, etc. | |
| 650 | 4 | |a Electronics |x Digital-to-analog converters. | |
| 650 | 4 | |a Digital-to-analog converters |x Handbook, manuals, etc. | |
| 650 | 4 | |a Analog-to-digital converters |x Handbook, manuals, etc. | |
| 650 | 4 | |a Electronics |x Analog-to-digital converters. | |
| 010 | |a 75014341 | ||
| 040 | |a DLC |c DLC |d AR-BbSID | ||
| 859 | |a AR-BbSID |b BIB. PLAPIQUI |h 621.381 9 |i H 211 |p 2210 | ||
